Návrh marketingových aktivít pre spoločnosť Sampet, spol. s.r.o. diplomová práca

Salvato in:
Dettagli Bibliografici
Autore principale: Spielböcková, Petra
Ente Autore: Obchodná fakulta EU. Katedra marketingu
Altri autori: Francová, Zuzana, 1971-
Natura: Libro
Lingua:slovacco
Pubblicazione: Bratislava 2008
Tags: Aggiungi Tag
Nessun Tag, puoi essere il primo ad aggiungerne!!

MARC

LEADER 00000nam$a2200000$$$4500
001 0081756
005 20240201115750.3
041 0 |a slo 
044 |a SK 
245 1 0 |a Návrh marketingových aktivít pre spoločnosť Sampet, spol. s.r.o.  |b diplomová práca  |c Petra Spielböcková ; škol. Zuzana Francová 
264 1 |a Bratislava  |c 2008 
300 |a 90 s. 
100 1 |a Spielböcková, Petra 
700 1 |a Francová, Zuzana, 1971- 
710 2 |a Obchodná fakulta EU. Katedra marketingu